| 000 | 01239nam a2200253Ia 4500 | ||
|---|---|---|---|
| 001 | 16115 | ||
| 003 | GE_BSU | ||
| 008 | 181216s||||||||xx |||||||||||||| ||und|| | ||
| 040 | _cGE_BSU | ||
| 080 | _a577.1(075.8) | ||
| 245 | _aბიოქიმია კლინიკური კორელაციებით | ||
| 245 | _bსახელმძღვ | ||
| 245 | _cრედ. თომას მ. დევლინი ; [პროექტის ხელმძღვ. ნანა სებისკვერაძე ; მთარგმნ.: მაია ბერიძე [და სხვ.] ; რედ.: გულიკო მარგველანი [და სხვ.]] | ||
| 250 | _aმე-6 გამოც | ||
| 260 | _aთბილისი | ||
| 260 | _bთბილ. სახელმწ. სამედ. უნ-ტი | ||
| 260 | _c2008 | ||
| 300 | _a1208გვ. : სურ. ; 30სმ | ||
| 300 | _eდანართი: გვ. 1121-1132. - ტერმინების განმარტება: გვ. 1133-1156. | ||
| 541 | _h63ლ. | ||
| 653 | _aბიოქიმია კლინიკური კორელაციებით | ||
| 653 | _aქიმია | ||
| 942 | _cBK | ||
| 999 |
_c49204 _d49204 |
||